How to design programs: An introduction to programming and computing (Record no. 1385)

MARC details
000 -LEADER
fixed length control field 00486nam a2200169Ia 4500
008 - FIXED-LENGTH DATA ELEMENTS--GENERAL INFORMATION
fixed length control field 130318s9999 xx 000 0 und d
020 ## - INTERNATIONAL STANDARD BOOK NUMBER
International Standard Book Number 8120324617
082 ## - DEWEY DECIMAL CLASSIFICATION NUMBER
Classification number 005.1 FEL/H
100 ## - MAIN ENTRY--PERSONAL NAME
Personal name Felleisen, Matthias
245 ## - TITLE STATEMENT
Title How to design programs: An introduction to programming and computing
260 ## - PUBLICATION, DISTRIBUTION, ETC.
Name of publisher, distributor, etc. Prentice Hall
Place of publication, distribution, etc. New Delhi
Date of publication, distribution, etc. 2001
300 ## - PHYSICAL DESCRIPTION
Extent 693
650 ## - SUBJECT ADDED ENTRY--TOPICAL TERM
Topical term or geographic name entry element COMPUTER PROGRAMMING
650 ## - SUBJECT ADDED ENTRY--TOPICAL TERM
Topical term or geographic name entry element PROGRAM DESIGN
700 ## - ADDED ENTRY--PERSONAL NAME
Personal name Findler, Robert Bruce
700 ## - ADDED ENTRY--PERSONAL NAME
Personal name Flatt, Matthew
Holdings
Withdrawn status Lost status Source of classification or shelving scheme Damaged status Not for loan Collection code Home library Current library Date acquired Cost, normal purchase price Total Checkouts Full call number Barcode Date last seen Price effective from Koha item type
    Dewey Decimal Classification       Kerala University of Digital Sciences, Innovation and Technology Knowledge Centre Kerala University of Digital Sciences, Innovation and Technology Knowledge Centre 18/03/2013 276.00   005.12 FEL/H;1 1392 18/03/2013 18/03/2013 Archives